000 00553nam a22001817a 4500
008 150713b xxu||||| |||| 00| 0 alb d
020 _a9789995683047
041 0 _aalb
080 _a811.18"271
_x(038)
100 _aDhrimo, Ali ; Memushaj, Rami ;
245 _aFjalor drejtshkrimor i gjuhës shqipe : rreth 75 000 fjalë
_cAli Dhrimo ; Rami Memushaj ;
260 _aTiranë :
_bInfbotues ;
_c2011.
300 _aXLIV, 925 f. ;
_c21 cm.
650 0 _aGjuha shqipe
650 0 _aFjalorë
650 0 _aDrejtshkrimi dhe shqiptimi
942 _2udc
_cBK
999 _c1115
_d1115